[Event "11th Open"]
[Site "Kavala GRE"]
[Date "2002.08.15"]
[Round "7"]
[White "Banikas,H"]
[Black "Span,P"]
[Result "1-0"]
[WhiteElo "2521"]
[BlackElo "2294"]

1.d4 d5 2.c4 c6 3.Nf3 Nf6 4.Nc3 e6 5.e3 Nbd7 6.Qc2 Bd6 7.Bd3 O-O 8.O-O e5
9.cxd5 cxd5 10.e4 dxe4 11.Nxe4 Nxe4 12.Bxe4 h6 13.Be3 exd4 14.Bxd4 Nf6 15.Bf5 Qa5
16.Bxc8 Rfxc8 17.Qb3 Qd5 18.Qxd5 Nxd5 19.Rad1 Rd8 20.g3 Nb4 21.a3 Nc6 22.Bc3 a5
23.Rd5 Be7 24.Rb5 Rd7 25.Re1 f6 26.h4 Kf7 27.Nd2 Bd8 28.Nc4 b6 29.Rxb6 Rc8
30.Ra6 Nd4 31.Nd6+ Rxd6 32.Rxd6 Nf3+ 33.Kf1 Nxe1 34.Kxe1 Be7 35.Rd7 Ke6 36.Ra7 Bxa3
37.Rxg7 Rc4 38.Kd2 Bb4 39.Kd3 Rc5 40.Bxb4 axb4 41.Rb7 Rd5+ 42.Ke3 Re5+ 43.Kf3 Rf5+
44.Kg2 Rc5 45.Rxb4 h5 46.Kf3 Kf5 47.Rf4+ Kg6 48.Ke3  1-0

[Event "11th Open"]
[Site "Kavala GRE"]
[Date "2002.08.15"]
[Round "7"]
[White "Pedersen,NV"]
[Black "Stanojoski,Z"]
[Result "1-0"]
[WhiteElo "2458"]
[BlackElo "2479"]

1.d4 d5 2.c4 e6 3.Nc3 c6 4.e3 Nf6 5.Nf3 Nbd7 6.Bd3 dxc4 7.Bxc4 b5 8.Bd3 a6
9.e4 c5 10.e5 cxd4 11.Nxb5 Ng4 12.Qa4 Bb7 13.Nbxd4 Qb6 14.O-O Bc5 15.h3 Nxf2
16.Bc2 Ne4 17.Kh2 Qb4 18.Re1 Qxa4 19.Bxa4 Bxd4 20.Nxd4 Nc5 21.Bc2 Nb6 22.b4 Ncd7
23.a4 O-O 24.a5 Nc4 25.Bf4 Rfb8 26.Rac1 Nf8 27.Bb3 Ng6 28.Rxc4 Nxf4 29.Nc6 Bxc6
30.Rxf4 Bb5 31.Rd1 g6 32.Rd6 Rc8 33.Rb6 Rc3 34.Bd1 Re3 35.Bf3 Ra7 36.Re4 Rxe4
37.Bxe4 Rc7 38.Bb7 Rc2 39.Bxa6 Bc6 40.Rxc6 Rxc6 41.Bb7 Rc4 42.a6 Rxb4 43.a7 Ra4
44.a8=Q+ Rxa8 45.Bxa8 f6 46.Kg3 fxe5 47.Kf3 Kg7 48.Ke4 Kf6 49.g3  1-0

[Event "ch-AUT"]
[Site "Oberpullendorf AUT"]
[Date "2002.08.15"]
[Round "6"]
[White "Schwaninger,W"]
[Black "Bachofner,C"]
[Result "0-1"]
[WhiteElo "2252"]
[BlackElo "2151"]

1.d4 d5 2.Nf3 Nf6 3.c4 c6 4.e3 e6 5.Nc3 Nbd7 6.a3 Bd6 7.b4 a6 8.c5 Bc7 9.Bb2 O-O
10.Be2 e5 11.dxe5 Nxe5 12.Na4 Qe7 13.Nb6 Rb8 14.Qd4 Re8 15.Nxc8 Rbxc8 16.Rd1 Nxf3+
17.gxf3 Be5 18.Qd2 Bxb2 19.Qxb2 Qe5 20.Rd4 Nd7 21.f4 Qf6 22.Rg1 Re4 23.Rd2 Qxb2
24.Rxb2 Rce8 25.Kf1 g6 26.Bd3 R4e7 27.h4 Nf6 28.f5 Kf8 29.fxg6 hxg6 30.Rg5 Re5
31.Rxe5 Rxe5 32.Kg2 Ke7 33.Re2 Rh5 34.Kg3 Re5 35.f3 Nh5+ 36.Kf2 f5 37.Re1 Kf6
38.a4 Re8 39.Rg1 Ng7 40.Rc1 Rh8 41.Kg3 Nh5+ 42.Kf2 Ng7 43.Rh1 Ne6 44.a5 Rh6
45.Kg3 Rh8 46.Bc2 d4 47.e4 Ng7 48.f4 fxe4 49.Bxe4 Nf5+ 50.Bxf5 Kxf5 51.Re1 Rd8
52.Re5+ Kf6 53.Kg4 d3 54.Re1 d2 55.Rd1 Rd3 56.f5 Rd4+ 57.Kf3 Kxf5 58.Ke3 Ke5
59.Kf3 Rd3+ 60.Ke2 Ke4 61.Rxd2 Rxd2+ 62.Kxd2 Kf4 63.Kd3 Kg4 64.Ke4 Kxh4 65.Ke5 g5
66.Kd6 g4 67.Kc7 g3 68.Kxb7 g2 69.Kxa6 g1=Q 70.Kb7 Qd4 71.Kxc6 Qxb4 72.a6 Qb8  0-1

[Event "11th Open"]
[Site "Kavala GRE"]
[Date "2002.08.17"]
[Round "9"]
[White "Malakhatko,V"]
[Black "Skembris,S"]
[Result "1-0"]
[WhiteElo "2516"]
[BlackElo "2431"]

1.d4 d5 2.c4 c6 3.Nc3 Nf6 4.e3 e6 5.Nf3 Nbd7 6.Bd3 dxc4 7.Bxc4 b5 8.Bd3 b4
9.Ne4 Bb7 10.Nxf6+ Nxf6 11.e4 Be7 12.Qe2 O-O 13.e5 Nd7 14.Qe4 g6 15.Bh6 Re8
16.h4 Rb8 17.Qf4 c5 18.Ng5 Nxe5 19.Qxe5 Bf6 20.Qe2 Bxg2 21.Rg1 Bd5 22.Nxh7 Kxh7
23.Qh5 Rb7 24.O-O-O Kg8 25.Bxg6 fxg6 26.Rxg6+ Bg7 27.Bxg7 Rxg7 28.Rxg7+ Kxg7
29.Rg1+ Kf8 30.Qh7 Qf6 31.Rg8+  1-0

[Event "11th Open"]
[Site "Kavala GRE"]
[Date "2002.08.17"]
[Round "9"]
[White "Kiss,Pa"]
[Black "Kosic,D"]
[Result "1/2-1/2"]
[WhiteElo "2395"]
[BlackElo "2542"]

1.d4 d5 2.c4 c6 3.e3 Nf6 4.Nc3 e6 5.Nf3 Nbd7 6.Qc2 Bd6 7.Bd3 O-O 8.O-O dxc4
9.Bxc4 a6 10.Rd1 Qc7 11.e4 e5 12.g3 b5 13.Be2 h6 14.a3 c5 15.dxe5 Nxe5 16.Nxe5 Bxe5
17.a4 Bb7 18.axb5 Bxc3 19.bxc3 Bxe4 20.Qb2 axb5 21.Bf4 Qc8 22.Qxb5 Qh3 23.Bf1 Qh5
24.Bg2 Rxa1 25.Rxa1 Bxg2 26.Kxg2 Qd5+ 27.Kg1 Ne4 28.Rc1 Nd2 29.Bxd2 Qxd2
30.Qf1 Re8 31.Qd1 Re2 32.Qxd2 Rxd2 33.Re1 Rd3 34.Re3  1/2-1/2

[Event "It"]
[Site "Tel Aviv ISR"]
[Date "2002.08.17"]
[Round "10"]
[White "Lerner,K"]
[Black "Zoler,D"]
[Result "1/2-1/2"]
[WhiteElo "2536"]
[BlackElo "2503"]

1.d4 d5 2.c4 c6 3.Nf3 Nf6 4.Nc3 e6 5.e3 Nbd7 6.Bd3 dxc4 7.Bxc4 b5 8.Bd3 b4
9.Ne4 Nxe4 10.Bxe4 Bb7 11.O-O Be7 12.a3 bxa3 13.bxa3 O-O 14.Rb1 Qc7 15.Nd2 Ba6
16.Re1 Nf6 17.Bf3 Rab8 18.Qc2 Rxb1 19.Nxb1 c5 20.Bd2 Bd6 21.dxc5 Qxc5 22.Qxc5 Bxc5
23.Rc1 Bb6 24.a4 Rc8 25.Rxc8+ Bxc8 26.Bc6 Bd7 27.Bxd7 Nxd7 28.Na3 Kf8 29.Nc4 Ke7
30.Kf1 Bc7 31.Bb4+ Kd8 32.Ke2 Kc8 33.h3 Kb7 34.Bc3 f6 35.f3 Kc6 36.e4 Nc5
37.Nb2 e5 38.Kd2 Ne6 39.Nd3 Bb6 40.Kc2 Bd4  1/2-1/2

[Event "Saraybahce GP"]
[Site "Kocaeli TUR"]
[Date "2002.08.19"]
[Round "3"]
[White "Bratanov,Z"]
[Black "Gurevich,M"]
[Result "0-1"]
[WhiteElo "2438"]
[BlackElo "2649"]

1.d4 d5 2.c4 c6 3.Nf3 Nf6 4.Nc3 e6 5.e3 Nbd7 6.Qc2 Bd6 7.Bd3 O-O 8.O-O dxc4
9.Bxc4 a6 10.Rd1 c5 11.Ne4 Nxe4 12.Qxe4 Nf6 13.Qh4 b5 14.Be2 cxd4 15.Nxd4 Bb7
16.f3 Nd5 17.Qxd8 Rfxd8 18.e4 Nf4 19.Bf1 e5 20.Nf5 Bf8 21.Be3 g6 22.Ng3 Ne6
23.Kf2 Nc5 24.b3 Ne6 25.Ne2 Ba3 26.Rxd8+ Rxd8 27.Rb1 Rc8 28.Rd1 Kf8 29.Bc1 Bb4
30.Bb2 f6 31.Rc1 Rd8 32.Rc2 Rd1 33.Bc1 Be1+ 34.Kg1 Ba5 35.Be3 Nd4 36.Nxd4 exd4
37.Bh6+ Ke7 38.Rc1 Rxc1 39.Bxc1 Kd6 40.Ba3+ Ke5 41.Bd3 Bd2 42.Kf2 b4 43.Bb2 a5
44.Bb5 Bc8 45.Ke2 Be3 46.Kd3 f5 47.exf5 Bxf5+ 48.Ke2 Bg1 49.Bd3 Bd7 50.h3 Be3
51.Kf1 Kf4 52.Ba1 Kg3 53.Bb2 Bf5 54.Bc4 Bc2 55.a3 Bb1 56.axb4 axb4 57.Ba1 Bc2
58.Bb2 d3 59.Be5+ Bf4  0-1

[Event "Open"]
[Site "Birstonas LIT"]
[Date "2002.08.20"]
[Round "4"]
[White "Romanova,I"]
[Black "Bashkite,V"]
[Result "1-0"]
[WhiteElo "2244"]
[BlackElo "2138"]

1.d4 d5 2.Nf3 c6 3.e3 Nf6 4.c4 e6 5.Nc3 Nbd7 6.Bd3 dxc4 7.Bxc4 b5 8.Bd3 Bb7
9.O-O a6 10.e4 c5 11.d5 Be7 12.Re1 exd5 13.Nxd5 Nxd5 14.exd5 O-O 15.Bf4 Bf6
16.Qc2 h6 17.Rad1 Qa5 18.Bf5 Rfd8 19.a3 c4 20.Re2 Rac8 21.Rde1 g5 22.Bxd7 Rxd7
23.Qf5 gxf4 24.Qxd7  1-0

[Event "22nd Open"]
[Site "Bratto ITA"]
[Date "2002.08.21"]
[Round "2"]
[White "Khenkin,I"]
[Black "Trabert,B"]
[Result "1-0"]
[WhiteElo "2598"]
[BlackElo "2320"]

1.d4 d5 2.c4 e6 3.Nc3 c6 4.e3 Nf6 5.Nf3 Nbd7 6.Bd3 dxc4 7.Bxc4 b5 8.Bd3 b4
9.Ne4 Bb7 10.Nxf6+ Nxf6 11.e4 Be7 12.O-O O-O 13.e5 Nd7 14.Be4 Rb8 15.a3 c5
16.Bxb7 Rxb7 17.d5 exd5 18.Qxd5 Qc8 19.Bg5 Nb6 20.Qe4 h6 21.Bxe7 Rxe7 22.axb4 cxb4
23.Qxb4 Rc7 24.h3 Rd8 25.Rfd1 Rxd1+ 26.Rxd1 Rc1 27.Qd4 Qc2 28.Rxc1 Qxc1+
29.Kh2 Qc2 30.Nd2 Qf5 31.g4 Qc2 32.h4 Qd1 33.Kg2 Nc4 34.Qxc4 Qxd2 35.b3 Qd7
36.h5 Qe7 37.Qd5 Qg5 38.Kf3 Qc1 39.Qd8+ Kh7 40.Qd3+ Kg8 41.Ke4 Qe1+ 42.Qe3 Qb4+
43.Kf5 Qe7 44.f3 Qe6+ 45.Kf4 Qd5 46.Qc3 a5 47.Ke3 Kf8 48.f4 Ke7 49.f5 Qd1
50.Qc7+ Ke8 51.Qc6+ Kd8 52.Qd6+ Qxd6 53.exd6 Kd7 54.Kd4 Kxd6 55.Kc4 Kc6 56.g5 f6
57.g6 Kd6 58.Kb5 Ke5 59.Kxa5 Kxf5 60.b4 Ke6 61.b5 Kd7 62.Ka6  1-0

[Event "Open"]
[Site "Birstonas LIT"]
[Date "2002.08.22"]
[Round "6"]
[White "Genutis,M"]
[Black "Tokmachev,M"]
[Result "1-0"]
[WhiteElo "2214"]
[BlackElo "2367"]

1.d4 d5 2.c4 c6 3.Nf3 Nf6 4.Nc3 e6 5.e3 Nbd7 6.Qc2 Bd6 7.g4 Bb4 8.Bd2 b6
9.g5 Bxc3 10.Bxc3 Ne4 11.h4 Bb7 12.Rg1 Qe7 13.O-O-O Nxc3 14.Qxc3 dxc4 15.Bxc4 c5
16.d5 O-O 17.d6 Qe8 18.Ne5 a6 19.h5 b5 20.Nxd7 Qxd7 21.h6 f6 22.hxg7 Rf7
23.Bd3 c4 24.Bxh7+ Kxg7 25.Bc2  1-0

[Event "Saraybahce GP"]
[Site "Kocaeli TUR"]
[Date "2002.08.22"]
[Round "6"]
[White "Alaybeyoglu,H"]
[Black "Gagunashvili,M"]
[Result "0-1"]
[WhiteElo "2154"]
[BlackElo "2469"]

1.Nf3 d5 2.d4 Nf6 3.c4 c6 4.e3 e6 5.Nc3 Nbd7 6.Qc2 Bd6 7.Bd3 O-O 8.O-O dxc4
9.Bxc4 a6 10.Rd1 Qc7 11.e4 e5 12.h3 exd4 13.Nxd4 b5 14.Bf1 Nc5 15.a3 Re8
16.Re1 Be5 17.Be3 Ncxe4 18.Nxe4 Nxe4 19.Bd3 Nf6 20.Nxc6 Bxb2 21.Qxb2 Qxc6
22.Rac1 Qd5 23.Red1 Qh5 24.Be2 Qg6 25.Rc5 Ne4 26.Bd3 Bf5 27.Bxe4 Rxe4 28.Qd2 Rae8
29.Rd5 Bxh3 30.Rg5 Qf6 31.Rg3 Bg4 32.Re1 Qe5 33.Rc1 h5 34.f4 Qe6 35.Bf2 Qf6
36.Be3 Rd8 37.Qf2 Rd3 38.Re1 Rxa3 39.Bc5 Rxe1+ 40.Qxe1 Ra1  0-1

[Event "Open"]
[Site "Birstonas LIT"]
[Date "2002.08.24"]
[Round "8"]
[White "Butnorius,A"]
[Black "Jegorovas,A"]
[Result "1-0"]
[WhiteElo "2436"]
[BlackElo "2200"]

1.d4 Nf6 2.c4 e6 3.Nf3 d5 4.Nc3 c6 5.e3 Nbd7 6.Qc2 Bd6 7.Be2 O-O 8.O-O dxc4
9.Bxc4 e5 10.h3 Qe7 11.Bb3 Bb8 12.Bd2 h6 13.Nh4 Re8 14.Nf5 Qf8 15.a3 Kh8
16.Ne2 a5 17.Ba2 Nb6 18.b4 e4 19.Nfg3 Nbd5 20.bxa5 Bd6 21.Nc3 Qe7 22.Rfb1 Bxa3
23.Bxd5 cxd5 24.Qb3 Bd6 25.Nxd5 Nxd5 26.Qxd5 Bxg3 27.fxg3 Kg8 28.Rb6 Ra6
29.Rxa6 bxa6 30.Rc1 Rd8 31.Qc5 Qxc5 32.Rxc5 Bb7 33.Rc7 Bd5 34.g4 Rb8 35.Rc5 Ba2
36.Bc3 Rb1+ 37.Kf2 Rc1 38.Kg3 Rg1 39.Kf4 Rxg2 40.d5 Rc2 41.Kxe4 f6 42.Rc7  1-0

[Event "XIV Open"]
[Site "Porto San Giorgio ITA"]
[Date "2002.08.24"]
[Round "5"]
[White "Barsov,A"]
[Black "Kohlweyer,B"]
[Result "1/2-1/2"]
[WhiteElo "2550"]
[BlackElo "2452"]

1.d4 d5 2.c4 e6 3.Nc3 c6 4.e3 Nf6 5.Nf3 Nbd7 6.Qc2 Bd6 7.g4 dxc4 8.Bxc4 b6
9.e4 Bb7 10.e5 c5 11.exf6 Bxf3 12.fxg7 Rg8 13.Qxh7 Nf6 14.Bb5+ Ke7 15.Bg5 Bf4  1/2-1/2

[Event "Open"]
[Site "Birstonas LIT"]
[Date "2002.08.25"]
[Round "9"]
[White "Pileckis,E"]
[Black "Tokmachev,M"]
[Result "1-0"]
[WhiteElo "2171"]
[BlackElo "2367"]

1.d4 d5 2.c4 c6 3.Nc3 Nf6 4.e3 e6 5.Nf3 Nbd7 6.Qc2 Bd6 7.b3 O-O 8.Be2 b6
9.O-O Bb7 10.Bb2 Qe7 11.Rad1 Rad8 12.Rfe1 h6 13.Bd3 c5 14.cxd5 cxd4 15.Nxd4 Nxd5
16.Nxd5 Bxd5 17.Nc6 Bxc6 18.Qxc6 Be5 19.Bb1 Bxb2 20.Qc2 g6 21.Qxb2 Nc5 22.Qe5 Rxd1
23.Rxd1 Rd8 24.Rc1 Nd3 25.Bxd3 Rxd3 26.h3 Qd8 27.Rc7 Rd7 28.Rc6 Rd5 29.Qc3 Qe7
30.b4 e5 31.Rc7 Qd6 32.Rxa7 g5 33.Qc8+ Kg7 34.Qf5 Rd1+ 35.Kh2 e4+ 36.g3 Qg6
37.Qxg6+ Kxg6 38.Ra6 f6 39.a4 Ra1 40.Rxb6 Rxa4 41.g4 Ra2 42.Kg3 Rb2 43.b5 Rb3
44.Rb8 Rb2 45.f3 Rb3 46.b6 Kg7 47.b7 exf3 48.Kxf3 Rb4 49.Ke2 Rb3 50.Kd2 Rb6
51.Kd3 Rb3+ 52.Kc4 Rb1 53.Kd5 Rb2 54.e4 Rb1 55.Kc6 Rc1+ 56.Kd6 Rd1+ 57.Ke6 Rb1
58.Rd8 Rb6+ 59.Rd6 Rxb7 60.Rd7+ Rxd7 61.Kxd7 Kh7 62.Kd6 Kh8 63.Ke6 Kg7 64.Ke7 Kg6
65.Kf8 f5 66.exf5+  1-0

[Event "Open"]
[Site "Padron ESP"]
[Date "2002.08.25"]
[Round "4"]
[White "Queimadelos Garcia,V"]
[Black "Korneev,O"]
[Result "0-1"]
[WhiteElo "2123"]
[BlackElo "2583"]

1.d4 d5 2.c4 e6 3.Nc3 c6 4.e3 Nf6 5.Nf3 Nbd7 6.Bd3 dxc4 7.Bxc4 b5 8.Bd3 a6
9.e4 c5 10.d5 Qc7 11.dxe6 fxe6 12.O-O Bb7 13.Ng5 Qc6 14.Re1 h6 15.Nh3 O-O-O
16.Bc2 g5 17.f3 Ne5 18.Qe2 c4 19.Nf2 Bc5 20.Be3 Nh5 21.Red1 Nf4 22.Qe1 Qb6  0-1

[Event "13th Summer Open"]
[Site "Recklinghausen GER"]
[Date "2002.08.25"]
[Round "9"]
[White "Alekseev,V BLR"]
[Black "Levin,F"]
[Result "0-1"]
[WhiteElo "2407"]
[BlackElo "2524"]

1.d4 d5 2.c4 e6 3.Nc3 c6 4.e3 Nf6 5.Nf3 Nbd7 6.Bd3 dxc4 7.Bxc4 b5 8.Bd3 Bd6
9.a4 b4 10.Nb1 c5 11.Nbd2 cxd4 12.Nc4 Be7 13.Nxd4 Bb7 14.f3 O-O 15.e4 Ne5
16.Nxe5 Qxd4 17.Nc4 Rfd8 18.Be2 Qxd1+ 19.Bxd1 Ba6 20.Na5 Rac8 21.Be3 Nd7
22.Rc1 Rxc1 23.Bxc1 Nc5 24.Be2 Bxe2 25.Kxe2 Rc8 26.b3 Bd8 27.Be3 Nxe4 28.fxe4 Bxa5
29.Bxa7 Rc2+ 30.Kd3 Rc3+ 31.Kd4 f6 32.Rb1 Bc7 33.e5 Bxe5+ 34.Ke4 Bc7 35.g4 g6
36.Rd1 f5+ 37.Kd4 Kf7 38.Bc5 Bd8 39.Bd6 Bb6+ 40.Ke5 Re3+ 41.Kf4 e5+  0-1

[Event "TCh-BIH"]
[Site "Neum BIH"]
[Date "2002.08.26"]
[Round "3"]
[White "Bajramovic,H"]
[Black "Basagic,Z"]
[Result "0-1"]
[WhiteElo "2275"]
[BlackElo "2348"]

1.d4 d5 2.c4 c6 3.Nc3 Nf6 4.Nf3 e6 5.e3 Nbd7 6.Be2 Bd6 7.O-O O-O 8.Qc2 dxc4
9.e4 e5 10.Bxc4 exd4 11.Nxd4 Nb6 12.Be2 Bxh2+ 13.Kxh2 Qxd4 14.Be3 Qe5+ 15.f4 Qe7
16.Kg3 Nbd5 17.exd5 Qxe3+ 18.Rf3 Qc5 19.dxc6 Bf5 20.Bd3 Bxd3 21.Qxd3 bxc6
22.Rd1 Rfe8 23.Qd4 Qh5 24.f5 Rab8 25.b3 Qg5+ 26.Kh3 h5 27.Qf4 Qg4+ 28.Kh2 Rbd8
29.Qxg4 Nxg4+ 30.Kg3 Rxd1 31.Nxd1 Re2 32.a3 Rd2 33.Nc3 Kf8 34.Ne4 Rd4 35.Nc5 Ke7
36.Rf4 Ne3 37.Rf3 Rg4+ 38.Kf2 Nxg2 39.Rd3 h4 40.Rd7+ Kf6 41.Kf3 Rg3+ 42.Kf2 Kxf5
43.Rxf7+ Ke5 44.Rxa7 Ne3 45.Re7+ Kd6 46.Ne4+ Kxe7 47.Nxg3 Nd1+  0-1

[Event "ch-RUS"]
[Site "Krasnodar RUS"]
[Date "2002.08.27"]
[Round "1"]
[White "Korotylev,A"]
[Black "Skatchkov,P"]
[Result "1-0"]
[WhiteElo "2558"]
[BlackElo "2485"]

1.d4 d5 2.c4 c6 3.Nc3 Nf6 4.e3 e6 5.Nf3 Nbd7 6.Bd3 dxc4 7.Bxc4 b5 8.Bd3 Bb7
9.O-O a6 10.e4 c5 11.d5 Qc7 12.dxe6 fxe6 13.Bc2 Bd6 14.Ng5 Nf8 15.f4 O-O-O
16.Qe1 e5 17.Nd5 Nxd5 18.exd5 exf4 19.Bd2 b4 20.a3 Kb8 21.Kh1 Bxd5 22.axb4 Qb7
23.Be4 Ng6 24.Bxd5 Qxd5 25.Rxa6 Qb7 26.Ra4 Rhe8 27.Qf2 h6 28.bxc5 Bxc5 29.Qxc5 Rd5
30.Qc4 Ne5 31.Bxf4  1-0

[Event "XIV Open"]
[Site "Porto San Giorgio ITA"]
[Date "2002.08.27"]
[Round "8"]
[White "Baquero,L"]
[Black "Ciampi,V"]
[Result "1-0"]
[WhiteElo "2275"]
[BlackElo "2109"]

1.c4 Nf6 2.Nc3 e6 3.Nf3 d5 4.d4 c6 5.e3 Nbd7 6.Bd3 Bb4 7.O-O O-O 8.Qc2 Qe7
9.Ne5 dxc4 10.Nxc4 e5 11.f4 exd4 12.exd4 c5 13.d5 Bxc3 14.Qxc3 Nxd5 15.Bxh7+ Kh8
16.Qh3 N7f6 17.Bf5+ Kg8 18.Ne5 Bxf5 19.Qxf5 Qe6 20.Qc2 b6 21.Bd2 Rad8 22.Rae1 Qc8
23.Rf3 Nb4 24.Bxb4 cxb4 25.Nc6 Rde8 26.Re5 Rxe5 27.fxe5 Nd5 28.Qc4 Rd8 29.Qxd5 Rxd5
30.Ne7+ Kf8 31.Nxc8 Rc5 32.Nd6 Rc1+ 33.Rf1 Rc2 34.Rxf7+ Kg8 35.Rf2 Rc1+ 36.Rf1 Rc2
37.Re1  1-0

[Event "Hot Summer IM"]
[Site "Tel Aviv ISR"]
[Date "2002.08.27"]
[Round "6"]
[White "Haimovich,T"]
[Black "Drozdov,Alexandre"]
[Result "1/2-1/2"]
[WhiteElo "2339"]
[BlackElo "2347"]

1.d4 d5 2.c4 c6 3.Nc3 Nf6 4.Nf3 e6 5.e3 Nbd7 6.Bd3 dxc4 7.Bxc4 Bd6 8.O-O O-O
9.e4 e5 10.Bg5 h6 11.Bh4 Re8 12.Re1  1/2-1/2

[Event "ch-RUS"]
[Site "Krasnodar RUS"]
[Date "2002.08.28"]
[Round "2"]
[White "Kosyrev,V"]
[Black "Grachev,B"]
[Result "1/2-1/2"]
[WhiteElo "2562"]
[BlackElo "2466"]

1.d4 d5 2.c4 e6 3.Nc3 c6 4.e3 Nf6 5.Nf3 Nbd7 6.Bd3 dxc4 7.Bxc4 b5 8.Bd3 Bd6
9.O-O O-O 10.e4 e5 11.Bg5 exd4 12.Nxd4 Ne5 13.Be2 Bc5 14.Nf3 Nxf3+ 15.Bxf3 Bd4
16.e5 Bxe5 17.Qxd8 Rxd8 18.Bxc6 Rb8 19.Rfe1 Bxc3 20.bxc3 Be6 21.Bf4 Rbc8
22.Bxb5 Rxc3 23.a4 Nd5 24.Be5 Rc2 25.Rec1 Rdc8 26.Rxc2 Rxc2 27.a5 f6 28.Bd4 Nc3
29.Bf1 Ne2+ 30.Bxe2 Rxe2 31.Bxa7 Ra2 32.Rxa2 Bxa2 33.f3 Kf7 34.Kf2 Ke6 35.h4 Bc4
36.Bc5 g6 37.Ke3 Kd5 38.Be7 f5 39.Bd8 Bf1 40.g3 Ba6 41.Kf4 Ke6 42.Bb6 Bb5
43.Kg5 Kf7 44.Kh6 Kg8 45.f4 Be2 46.Be3 Bd3 47.h5 gxh5 48.Kxh5 Kf7 49.Kh6 Ke6
50.Kg5 Be2  1/2-1/2

[Event "TCh-BIH"]
[Site "Neum BIH"]
[Date "2002.08.28"]
[Round "7"]
[White "Jankovic,A"]
[Black "Kamberovic,S"]
[Result "1-0"]
[WhiteElo "2299"]
[BlackElo "2228"]

1.d4 Nf6 2.Nf3 d5 3.c4 c6 4.e3 e6 5.Nc3 Nbd7 6.Qc2 Bd6 7.Bd3 dxc4 8.Bxc4 O-O
9.O-O e5 10.Bb3 Qe7 11.h3 Nb6 12.dxe5 Bxe5 13.Nxe5 Qxe5 14.f4 Qe7 15.e4 Be6
16.Bxe6 Qxe6 17.e5 Nfd5 18.Ne4 f6 19.Nc5 Qe7 20.e6 Nb4 21.Qf2 f5 22.Re1 Rfe8
23.b3 Rad8 24.Be3 Qc7 25.Rad1 Rxd1 26.Rxd1 N6d5 27.Bd2 a5 28.a3 Nc2 29.Bc1 Na1
30.Bb2 b6 31.Bxa1 bxc5 32.Qxc5 Qc8 33.Be5 Qxe6 34.Qxa5 g5 35.Qd2 g4 36.b4 gxh3
37.gxh3 Kf7 38.Kh2 Rg8 39.Qf2 Qg6 40.Rd2 h5 41.b5 h4 42.bxc6 Qg3+ 43.Qxg3 hxg3+
44.Kg1 Ke6 45.c7 Ra8 46.h4 Ne7 47.Rd8 Rxa3 48.Re8  1-0

[Event "ch-FRA"]
[Site "Val d'Isere FRA"]
[Date "2002.08.28"]
[Round "9"]
[White "Bauer,Ch"]
[Black "Fressinet,L"]
[Result "1/2-1/2"]
[WhiteElo "2550"]
[BlackElo "2619"]

1.d4 d5 2.c4 c6 3.Nc3 e6 4.e3 Nf6 5.Nf3 Nbd7 6.Bd3 dxc4 7.Bxc4 b5 8.Bd3 Bd6
9.O-O O-O 10.a3 Bb7 11.e4 e5 12.Bg5 h6 13.Bh4 exd4 14.Nxd4 Qc7 15.Kh1 Rad8
16.Nf5 Rfe8 17.Nxd6 Qxd6 18.Bc2 Nb6 19.Qxd6 Rxd6 20.Rad1 Rxd1 21.Rxd1 g5
22.Bg3 Nc4 23.Bb3 Nxe4  1/2-1/2

[Event "VI BCX"]
[Site "Brasilia BRA"]
[Date "2002.08.29"]
[Round "6"]
[White "Lima,Da"]
[Black "Matsuura,E"]
[Result "1-0"]
[WhiteElo "2541"]
[BlackElo "2450"]

1.d4 d5 2.c4 c6 3.Nf3 Nf6 4.Nc3 e6 5.e3 Nbd7 6.Bd3 dxc4 7.Bxc4 b5 8.Bd3 Bb7
9.e4 b4 10.Na4 c5 11.e5 Nd5 12.O-O g6 13.Re1 Bg7 14.Bb5 a6 15.Nxc5 axb5 16.Nxb7 Qb6
17.Nd6+ Kf8 18.Ng5 Nxe5 19.Rxe5 Bxe5 20.Ndxf7  1-0

[Event "Exhibition"]
[Site "Izmir TUR"]
[Date "2002.08.30"]
[Round "2"]
[White "Gurevich,M"]
[Black "Yildiz,B"]
[Result "1-0"]
[WhiteElo "2649"]
[BlackElo "2108"]

1.c4 e6 2.Nf3 Nf6 3.Nc3 d5 4.d4 c6 5.e3 Nbd7 6.Qc2 Bd6 7.b3 O-O 8.Be2 a6
9.O-O Qe7 10.e4 dxe4 11.Nxe4 Nxe4 12.Qxe4 e5 13.Bg5 Qe6 14.c5 Bc7 15.Bd3 Qg6
16.Qxg6 hxg6 17.Rae1 exd4 18.Be7 Re8 19.Bd6 Rxe1 20.Rxe1 Bxd6 21.cxd6 Kf8
22.Nxd4 Nb6 23.Nf3 Bd7 24.Ng5 Re8 25.Kf1 Rxe1+ 26.Kxe1 Nc8 27.Ne4 Ke8 28.Kd2 Bf5
29.Nc5 Nxd6 30.Bxf5 gxf5 31.Ke3 Ke7 32.b4 g6 33.Kd4 Nb5+ 34.Kd3 Nd6 35.a4 Kd8
36.Kd4 Ke7 37.Ke5 Nc4+ 38.Kd4 Nd6 39.f3 Kf6 40.g3 Ke7 41.h4 Kf6 42.Nd3 Ke7
43.Kc5 Nc8 44.Kd4 Nd6 45.g4 fxg4 46.fxg4 Kf6 47.Nc5 Ke7 48.Ke5 Nc4+ 49.Kf4 Nd6
50.Kg5 Kf8 51.Kf6 Ke8 52.Kg7 Ke7 53.h5 gxh5 54.gxh5 Nf5+ 55.Kh7 Kf6 56.Nxb7 Ng3  1-0

[Event "ch-RUS"]
[Site "Krasnodar RUS"]
[Date "2002.08.30"]
[Round "4"]
[White "Kosyrev,V"]
[Black "Namgilov,S"]
[Result "0-1"]
[WhiteElo "2562"]
[BlackElo "2477"]

1.d4 d5 2.c4 c6 3.Nc3 Nf6 4.e3 e6 5.Nf3 Nbd7 6.Qc2 Bd6 7.b3 O-O 8.Be2 dxc4
9.bxc4 e5 10.O-O Qe7 11.Bb2 Re8 12.Rae1 e4 13.Nd2 Nf8 14.c5 Bc7 15.f3 exf3
16.Bxf3 Ng4 17.Bxg4 Bxg4 18.Nf3 Rad8 19.Qf2 Ng6 20.Kh1 Be6 21.Rd1 Bg4 22.e4 Ba5
23.h3 Be6 24.d5 Bxc3 25.dxe6 Rxd1 26.Rxd1 Bxb2 27.exf7+ Qxf7 28.Qxb2 h6 29.e5 Nf4
30.Kh2 Ne6 31.Qb4 Qe7 32.Rd6 Ng5 33.Qb3+ Kh8 34.Nxg5 Qxg5 35.Re6 Qf4+ 36.Kh1 Rf8
37.Qc3 Qe4 38.Kh2 Rf1 39.Qd2 Kh7 40.Re7 Qb1 41.Rd7 Rh1+ 42.Kg3 Qg6+ 43.Kf2 Qf5+
44.Kg3 Qg6+ 45.Kf2 Qf5+ 46.Kg3 Qxe5+ 47.Qf4 Qc3+ 48.Qf3 Rc1 49.Qxc3 Rxc3+
50.Kf4 b5 51.cxb6 axb6 52.Rd2 b5 53.Kf5 b4 54.h4 h5 55.Rd6 Rc4 56.g3 Rc3
57.Kf4 c5 58.Rd2 c4 59.Rb2 b3 60.axb3 cxb3 61.Rb1 Rc4+ 62.Kf5 Rb4 63.Rb2 Kh6
64.Ke6 Kg6 65.Ke5 Kf7 66.Kd5 Kf6  0-1

[Event "TCh-BIH"]
[Site "Neum BIH"]
[Date "2002.08.30"]
[Round "9"]
[White "Jankovic,A"]
[Black "Muratovic,En"]
[Result "1-0"]
[WhiteElo "2299"]
[BlackElo "2314"]

1.d4 e6 2.c4 d5 3.Nc3 c6 4.e3 Nf6 5.Nf3 Nbd7 6.Qc2 Be7 7.Bd3 O-O 8.O-O b6
9.b3 Bb7 10.Bb2 Rc8 11.Rfd1 g6 12.e4 c5 13.dxc5 dxc4 14.Bxc4 Rxc5 15.Rd4 e5
16.Rdd1 Qc8 17.Qe2 a6 18.a4 Rc7 19.Rac1 Bc5 20.h3 Nh5 21.Nd5 Bxd5 22.exd5 e4
23.Qxe4 Re8 24.Qg4 Ndf6 25.Qxc8 Rcxc8 26.Bxa6 Rcd8 27.Bb5 Re7 28.Rxc5 bxc5
29.g4 Rxd5 30.Rxd5 Nxd5 31.gxh5 Nf4 32.Be5 Ne6 33.hxg6 hxg6 34.a5 Rb7 35.Bc4 Ra7
36.a6 Ra8 37.Nd2 Kf8 38.Ne4 Ke7 39.Bd6+ Kd7 40.Bb5+ Kd8 41.Nxc5 Nc7 42.Bc6  1-0

[Event "GM"]
[Site "Rostock GER"]
[Date "2002.09.01"]
[Round "9"]
[White "Hoi,C"]
[Black "Naumann,A"]
[Result "1/2-1/2"]
[WhiteElo "2419"]
[BlackElo "2507"]

1.d4 d5 2.Nf3 c6 3.c4 e6 4.e3 Nf6 5.Nc3 Nbd7 6.Bd3 dxc4 7.Bxc4 b5 8.Bd3 Bb7
9.e4 b4 10.Na4 c5 11.e5 Nd5 12.O-O a6 13.Ng5 Be7 14.Qh5 g6 15.Qh6 Bf8 16.Nxe6 Bxh6
17.Nxd8 Rxd8 18.Bxh6 cxd4 19.Rac1 f6 20.exf6 Kf7 21.Bc4 Kxf6 22.h4 Rc8 23.Rfd1 Ne5
24.Bxd5 Rxc1 25.Bxc1 Bxd5 26.Rxd4 Bxa2 27.Rxb4 Rc8 28.Nc3 Bg8 29.f3 Rc6 30.Bg5+ Ke6
31.Re4 Rc4 32.Re2 Kf5 33.Ne4 Ke6 34.Bf4 Kf5 35.Bxe5 Rc1+ 36.Kh2 Kxe5 37.Nc5+ Kf5
38.g4+ Kf6 39.Ne4+ Ke5 40.Kg3 Bc4 41.Rd2 h5 42.gxh5 gxh5 43.Nd6 Bd5 44.Ne8 Rg1+
45.Kf2 Rg6 46.f4+ Ke4 47.f5 Rh6 48.f6 Ke5 49.Re2+ Kf5 50.Re7 Rh8 51.f7 Kg6
52.Nd6 Rb8 53.Kg3 Kf6 54.Re3 a5 55.Rd3 Be6 56.f8=Q+ Rxf8 57.Rf3+ Ke7 58.Rxf8 Kxf8
59.Nb7 Ke7 60.Nxa5 Kd6 61.b4 Kd5 62.Kf4 Bd7 63.Nb3 Kc4 64.Nc5 Bg4 65.Ne4 Kxb4
66.Nf6 Bd1 67.Kg5 Kc5 68.Nxh5 Kd6 69.Nf6 Ke7 70.h5  1/2-1/2

[Event "Kaissa I"]
[Site "Alushta UKR"]
[Date "2002.09.02"]
[Round "2"]
[White "Murashko,V"]
[Black "Nikitin,An"]
[Result "0-1"]
[WhiteElo "2385"]
[BlackElo "2471"]

1.d4 d5 2.c4 c6 3.Nf3 Nf6 4.e3 e6 5.Nc3 Nbd7 6.Qc2 Bd6 7.Bd3 O-O 8.O-O dxc4
9.Bxc4 e5 10.Bb3 Qe7 11.h3 b5 12.a3 Bb7 13.dxe5 Nxe5 14.Nd4 Bb8 15.e4 c5
16.Nf5 Qc7 17.f4 c4 18.Ba2 Nd3 19.e5 Qd7 20.Ng3 g5 21.exf6 gxf4 22.Nh5 Kh8
23.Qe2 Rg8 24.g4 Qd4+ 25.Rf2 a6 26.Kf1 Ba7 27.Be3 fxe3 28.Rf5 Nxb2 29.Re1 Rad8
30.Nf4 Nd3  0-1

[Event "ch-RUS"]
[Site "Krasnodar RUS"]
[Date "2002.09.02"]
[Round "7"]
[White "Tunik,G"]
[Black "Pridorozhni,A"]
[Result "1/2-1/2"]
[WhiteElo "2505"]
[BlackElo "2453"]

1.d4 d5 2.c4 c6 3.Nf3 Nf6 4.Nc3 e6 5.e3 Nbd7 6.Bd3 dxc4 7.Bxc4 b5 8.Bd3 Bb7
9.O-O b4 10.Ne4 Nxe4 11.Bxe4 Bd6 12.Nd2 Qc7 13.h3 c5 14.Qf3 Bxe4 15.Nxe4 O-O
16.Rd1 Nb6 17.dxc5 Bxc5 18.b3 Be7 19.Bb2 Nd5 20.Rdc1 Qd7 21.Qg4 f6 22.Nc5 Bxc5
23.Rxc5 Rac8 24.Rxc8 Rxc8 25.Rd1 Qe7 26.Rd2 Nc3 27.a4 a5 28.Qd4 Qc5 29.Qd7 Qc6
30.Qxc6 Rxc6 31.f3 Kf7 32.Kf1 Ke7 33.Ke1 Nd5 34.Ke2 Nc7 35.Kd1 e5 36.Rc2 Rd6+
37.Ke2 Ne6 38.Rc4 Kd7 39.g3 Rd5 40.h4 h5 41.Rc1 Kd6 42.e4 Rc5 43.Kd3 Rxc1
44.Bxc1 Nd4 45.Be3 Nxb3 46.Kc4 Nd4 47.f4 Kc6 48.Bxd4 exd4 49.Kxd4 Kd6 50.Kc4 Ke6
51.Kd4 Kf7 52.Kc4 g5 53.hxg5 fxg5 54.fxg5 Kg6 55.e5 Kxg5 56.Kd5 b3 57.e6 b2
58.e7 b1=Q 59.e8=Q Kh6  1/2-1/2